000 00345nam a22001457a 4500
003 OSt
005 20220216140214.0
008 220216b |||||||| |||| 00| 0 eng d
020 _a0138954836
040 _cHU
082 _26th
_a629.8
100 _aBateson
_930689
245 _aIntroduction To Control System Technology
942 _2ddc
_cBOOKS
_n0
999 _c30595
_d30595